000 00572nam a2200205Ia 4500
005 20250508160441.0
008 008 250505s9999 xx 000 0 eng d
037 _aBooks to be hide in OPAC
040 _aFEDL
_beng
_cFEDL
041 _aeng
_2eng
084 _a001.4, UDA
_qFEDL
100 _aUday Shankar
245 0 _aResearch needs in the study of education
260 _aKurukshetra, India
_bKurukshetra Univerisity
_c1968
300 _a253p.
365 _aINR
_b25
650 _aResearch
942 _cHB
_h001.4, UDA
999 _c1364680
_d1364680